[Event "TUR-chT 2nd League"]
[Site "Konya"]
[Date "2019.07.26"]
[Round "7.5"]
[White "Ozcoban, Kadir"]
[Black "Ekici, Emre"]
[Result "0-1"]
[WhiteElo "1850"]
[BlackElo "1697"]
[PlyCount "74"]
[EventDate "2019.07.22"]
[EventType "team-swiss"]
[EventRounds "9"]
[EventCountry "TUR"]
[SourceTitle "CBM 191 Extra"]
[Source "ChessBase"]
[SourceDate "2019.09.30"]
[SourceVersion "1"]
[SourceVersionDate "2019.09.30"]
[SourceQuality "1"]
[WhiteTeam "Ego Spor"]
[BlackTeam "Eskiseh Tasci"]
[WhiteTeamCountry "TUR"]
[BlackTeamCountry "TUR"]

1. e4 c5 2. Nf3 g6 3. d4 cxd4 4. Nxd4 Bg7 5. c4 Nc6 6. Be3 Nf6 7. Nc3 d6 8. Be2 0-0 9. 0-0 Qa5 10. Qd2 Nxd4 11. Qxd4 Ng4 12. Qd2 Nxe3 13. Qxe3 Bxc3 14. bxc3 Be6 15. Rab1 b6 16. f4 Rac8 17. f5 Bxc4 18. fxg6 hxg6 19. Bxc4 Rxc4 20. Qh6 Qh5 21. Qe3 Qc5 22. Qxc5 dxc5 23. Rfd1 Rxc3 24. Rd7 Ra3 25. Rb2 Re8 26. Rc7 Rd8 27. Rxe7 Rd1+ 28. Kf2 Ra1 29. Rd7 R1xa2 30. Rdd2 Rxb2 31. Rxb2 c4 32. Ke2 c3 33. Rc2 b5 34. Kd3 b4 35. Kc4 a5 36. Kb5 Ra1 37. e5 b3 0-1

[Event "TUR-chT 2nd League"]
[Site "Konya"]
[Date "2019.07.24"]
[Round "4.6"]
[White "Polat, Ali Gorkem"]
[Black "Ozcoban, Kadir"]
[Result "1-0"]
[WhiteElo "1604"]
[BlackElo "1850"]
[PlyCount "87"]
[EventDate "2019.07.22"]
[EventType "team-swiss"]
[EventRounds "9"]
[EventCountry "TUR"]
[SourceTitle "CBM 191 Extra"]
[Source "ChessBase"]
[SourceDate "2019.09.30"]
[SourceVersion "1"]
[SourceVersionDate "2019.09.30"]
[SourceQuality "1"]
[WhiteTeam "Karaman Masterler"]
[BlackTeam "Ego Spor"]
[WhiteTeamCountry "TUR"]
[BlackTeamCountry "TUR"]

1. d4 Nf6 2. Nf3 g6 3. c4 c5 4. Nc3 cxd4 5. Nxd4 Bg7 6. e4 d6 7. Be2 Nc6 8. Be3 0-0 9. 0-0 Bd7 10. f3 a5 11. Bf2 Nxd4 12. Bxd4 Bc6 13. Nd5 Nd7 14. Bxg7 Kxg7 15. Qd4+ Kg8 16. f4 Bxd5 17. exd5 Qb6 18. Qxb6 Nxb6 19. b3 Kg7 20. f5 Nd7 21. Bd3 b6 22. h3 h5 23. Kf2 Ne5 24. Ke3 g5 25. g3 Kf6 26. Be2 Rh8 27. a4 g4 28. h4 Rhc8 29. Kd4 Nd7 30. Bd3 Nc5 31. Bc2 Na6 32. Rae1 Rc7 33. Re2 Re8 34. Rff2 Rg8 35. Re6+ Kg7 36. f6+ Kh6 37. Rxe7 Rxe7 38. fxe7 Kg7 39. Rf5 Rh8 40. Rxh5 Re8 41. Rg5+ Kf6 42. Rxg4 Nc5 43. h5 Rh8 44. h6 1-0

[Event "TUR-chT 2nd League"]
[Site "Konya"]
[Date "2019.07.23"]
[Round "3.8"]
[White "Ozcoban, Kadir"]
[Black "Kocacoglu, Ayhan"]
[Result "0-1"]
[WhiteElo "1850"]
[BlackElo "1792"]
[PlyCount "109"]
[EventDate "2019.07.22"]
[EventType "team-swiss"]
[EventRounds "9"]
[EventCountry "TUR"]
[SourceTitle "CBM 191 Extra"]
[Source "ChessBase"]
[SourceDate "2019.09.30"]
[SourceVersion "1"]
[SourceVersionDate "2019.09.30"]
[SourceQuality "1"]
[WhiteTeam "Ego Spor"]
[BlackTeam "Ceylanpinar Genclik"]
[WhiteTeamCountry "TUR"]
[BlackTeamCountry "TUR"]

1. e4 c5 2. Nf3 Nc6 3. d4 cxd4 4. Nxd4 Nf6 5. Nc3 e5 6. Ndb5 d6 7. Bg5 a6 8. Na3 b5 9. Nd5 Qa5+ 10. Bd2 Qd8 11. Bg5 Qa5+ 12. Bd2 Qd8 13. Nxf6+ Qxf6 14. g3 Bb7 15. Bg2 Be7 16. 0-0 0-0 17. c3 Qg6 18. f4 exf4 19. Bxf4 Ne5 20. Qe2 Bd8 21. Nc2 Bb6+ 22. Kh1 Rfe8 23. a4 bxa4 24. Rxa4 a5 25. b4 axb4 26. Rxa8 Rxa8 27. Nxb4 Bc5 28. Nd5 Bxd5 29. exd5 Qd3 30. Bf3 Qxc3 31. Bxe5 Qxe5 32. Re1 Ra3 33. Qd2 Re3 34. Rxe3 Bxe3 35. Qa2 g6 36. Kg2 Bd4 37. Qe2 Qg5 38. Qe4 Be5 39. Qd3 h5 40. Qc4 Kg7 41. Kf2 Qd2+ 42. Qe2 Qc1 43. Qd1 Qg5 44. Qd3 h4 45. Bg2 Qg4 46. Kf1 hxg3 47. hxg3 Bxg3 48. Qc3+ Be5 49. Qd3 Qf4+ 50. Ke2 Bd4 51. Be4 Qf2+ 52. Kd1 Be3 53. Qc3+ Kh6 54. Qh8+ Kg5 55. Qh3 0-1

[Event "TUR-chT 1st League"]
[Site "Konya"]
[Date "2018.07.19"]
[Round "6.11"]
[White "Buker, Muhittin"]
[Black "Ozcoban, Kadir"]
[Result "1-0"]
[WhiteElo "1940"]
[BlackElo "1853"]
[PlyCount "149"]
[EventDate "2018.07.16"]
[EventType "team-swiss"]
[EventRounds "9"]
[EventCountry "TUR"]
[SourceTitle "EXT 2019"]
[Source "ChessBase"]
[SourceDate "2018.10.10"]
[SourceVersion "1"]
[SourceVersionDate "2018.10.10"]
[SourceQuality "1"]
[WhiteTeam "Dogukisla Genclik Spor"]
[BlackTeam "Ego Spor"]
[WhiteTeamCountry "TUN"]
[BlackTeamCountry "TUR"]

1. d4 Nf6 2. Nf3 g6 3. g3 Bg7 4. Bg2 0-0 5. 0-0 d6 6. Re1 Nc6 7. e4 e5 8. c3 h6 9. h3 Re8 10. d5 Ne7 11. c4 Nd7 12. Nc3 f5 13. b4 a5 14. Ba3 axb4 15. Bxb4 b6 16. a4 Nf6 17. Nd2 f4 18. a5 fxg3 19. fxg3 c5 20. Ba3 bxa5 21. Nb5 Ba6 22. Qe2 Nc8 23. Nb1 Na7 24. N1c3 Nxb5 25. Nxb5 Bxb5 26. cxb5 Nd7 27. h4 Nb6 28. Bh3 Ra7 29. Be6+ Kh7 30. Rf1 Rf8 31. Rxf8 Qxf8 32. h5 g5 33. Rf1 Qe8 34. Qf3 Kh8 35. Qf5 a4 36. Bf7 Qe7 37. Qg6 Nc4 38. Be6 Qd8 39. Rf7 Rxf7 40. Qxf7 Nxa3 41. b6 Nc4 42. b7 a3 43. Qd7 Qf8 44. Qa4 Ne3 45. Qa8 a2 46. Bf5 c4 47. Qxa2 c3 48. Qa7 c2 49. Qxe3 Qb8 50. Bc8 Qc7 51. Qc1 Bf6 52. Kf2 Bd8 53. Kg2 Kg7 54. Kh3 g4+ 55. Kxg4 Bg5 56. b8Q Qxb8 57. Qxc2 Qb6 58. Qc6 Qd8 59. Be6 Qe7 60. Qc8 Qd8 61. Qb7+ Qe7 62. Qc6 Qd8 63. Bf5 Qe7 64. Bg6 Qf6 65. Qd7+ Qe7 66. Qxe7+ Bxe7 67. Kf5 Bd8 68. Ke6 Bc7 69. Kd7 Bb8 70. Kc6 Ba7 71. Kxd6 Kf6 72. Kd7 Bb6 73. d6 Ba5 74. Ke8 Kg7 75. d7 1-0

[Event "TUR-chT 1st League"]
[Site "Konya"]
[Date "2018.07.17"]
[Round "2.6"]
[White "Zuhre, Kayra"]
[Black "Ozcoban, Kadir"]
[Result "0-1"]
[WhiteElo "1969"]
[BlackElo "1853"]
[PlyCount "66"]
[EventDate "2018.07.16"]
[EventType "team-swiss"]
[EventRounds "9"]
[EventCountry "TUR"]
[SourceTitle "EXT 2019"]
[Source "ChessBase"]
[SourceDate "2018.10.10"]
[SourceVersion "1"]
[SourceVersionDate "2018.10.10"]
[SourceQuality "1"]
[WhiteTeam "Salihli Sardes"]
[BlackTeam "Ego Spor"]
[WhiteTeamCountry "TUR"]
[BlackTeamCountry "TUR"]

1. e4 e5 2. Nc3 Nf6 3. Bc4 Nc6 4. d3 Na5 5. Bg5 Nxc4 6. dxc4 h6 7. Bh4 Be7 8. Nf3 d6 9. Qe2 Be6 10. 0-0-0 Nd7 11. Bxe7 Qxe7 12. Nd5 Bxd5 13. cxd5 0-0 14. g4 g6 15. h4 a5 16. Qe3 Kh7 17. Kd2 Nc5 18. h5 g5 19. Ne1 c6 20. Ke2 cxd5 21. Rxd5 Ne6 22. Ng2 Nd4+ 23. Kd2 Qd7 24. f3 Rfc8 25. c3 Qa4 26. Ne1 Qxa2 27. Nd3 Rxc3 28. Rxd4 exd4 29. Qxd4 Rac8 30. Ke3 Rxd3+ 31. Qxd3 Qxb2 32. Rb1 Qe5 33. Rxb7 Rc3 0-1

[Event "Cesme op 6th"]
[Site "Cesme"]
[Date "2018.06.27"]
[Round "2"]
[White "Koksal, Ege"]
[Black "Ozcoban, Kadir"]
[Result "1-0"]
[WhiteElo "2356"]
[BlackElo "1853"]
[PlyCount "55"]
[EventDate "2018.06.26"]
[EventType "swiss"]
[EventRounds "9"]
[EventCountry "TUR"]
[SourceTitle "CBM 185 Extra"]
[Source "ChessBase"]
[SourceDate "2018.07.29"]
[SourceVersion "1"]
[SourceVersionDate "2018.07.29"]
[SourceQuality "1"]

1. d4 Nf6 2. c4 c5 3. d5 e6 4. Nc3 exd5 5. cxd5 d6 6. Nf3 g6 7. Bf4 Bg7 8. Qa4+ Bd7 9. Qb3 Qc7 10. e4 0-0 11. Nd2 Re8 12. Be2 b5 13. Bxb5 Nxe4 14. Ncxe4 f5 15. 0-0 fxe4 16. Nc4 Bf8 17. Rfe1 Bxb5 18. Qxb5 Nd7 19. Qc6 Qxc6 20. dxc6 Ne5 21. Bxe5 dxe5 22. Rad1 Re6 23. Na5 Bd6 24. Nb7 Be7 25. Rd7 Kf8 26. c7 Ke8 27. Red1 Rb6 28. Rd8+ 1-0

[Event "Kahramanmaras op 9th"]
[Site "Kahramanmaras"]
[Date "2018.04.07"]
[Round "8"]
[White "Kazimova, Narmin Nizami Qizi"]
[Black "Ozcoban, Kadir"]
[Result "1-0"]
[WhiteElo "2296"]
[BlackElo "1773"]
[PlyCount "75"]
[EventDate "2018.04.03"]
[EventType "swiss"]
[EventRounds "9"]
[EventCountry "TUR"]
[SourceTitle "CBM 183 Extra"]
[Source "ChessBase"]
[SourceDate "2018.04.19"]
[SourceVersion "1"]
[SourceVersionDate "2018.04.19"]
[SourceQuality "1"]

1. c4 Nf6 2. Nc3 g6 3. d4 Bg7 4. g3 0-0 5. Bg2 d6 6. Nf3 Nc6 7. 0-0 a6 8. Re1 Rb8 9. Rb1 Nd7 10. e4 e5 11. d5 Ne7 12. b4 h6 13. Nd2 f5 14. Nb3 b6 15. Ba3 f4 16. c5 Nf6 17. cxd6 cxd6 18. b5 a5 19. Nd2 g5 20. Nc4 Ne8 21. Rc1 Ng6 22. Na4 Ne7 23. Bf3 Rf6 24. Bg4 Kh7 25. Rc3 Bf8 26. Qe2 Bxg4 27. Qxg4 Rg6 28. Rec1 Nf6 29. Qe2 Nc8 30. Qc2 Rg8 31. Nxa5 Na7 32. Rc7+ Rg7 33. Rxg7+ Bxg7 34. Nc6 Nxc6 35. bxc6 Qc7 36. Nc3 Ne8 37. Nb5 Qe7 38. c7 1-0

[Event "Kahramanmaras op 9th"]
[Site "Kahramanmaras"]
[Date "2018.04.06"]
[Round "6"]
[White "Ozenir, Ekin Baris"]
[Black "Ozcoban, Kadir"]
[Result "1/2-1/2"]
[WhiteElo "2349"]
[BlackElo "1773"]
[PlyCount "70"]
[EventDate "2018.04.03"]
[EventType "swiss"]
[EventRounds "9"]
[EventCountry "TUR"]
[SourceTitle "CBM 183 Extra"]
[Source "ChessBase"]
[SourceDate "2018.04.19"]
[SourceVersion "1"]
[SourceVersionDate "2018.04.19"]
[SourceQuality "1"]

1. d4 Nf6 2. Bg5 d5 3. e3 Nbd7 4. Nd2 e5 5. Ngf3 Bd6 6. c4 e4 7. Ng1 c6 8. Ne2 h6 9. Bh4 dxc4 10. Nxc4 Bb4+ 11. Nc3 g5 12. Bg3 Nd5 13. Qc2 0-0 14. a3 Bxc3+ 15. bxc3 b5 16. Nd2 f5 17. c4 bxc4 18. Bxc4 Qe7 19. Bxd5+ cxd5 20. Qc6 Nb6 21. Qxh6 f4 22. exf4 e3 23. Nf3 Ba6 24. Qxg5+ Qxg5 25. fxg5 e2 26. Bd6 Rfe8 27. Rc1 Nc4 28. Bc5 Rab8 29. Ne5 Rb2 30. Nxc4 Bxc4 31. h4 Reb8 32. f4 Rc2 33. Ra1 Ra2 34. Rc1 Rc2 35. Ra1 Ra2 1/2-1/2

[Event "TUR Cup										"]
[Site "Antalya"]
[Date "2018.02.02"]
[Round "10"]
[White "Buker, Muhittin"]
[Black "Ozcoban, Kadir"]
[Result "1-0"]
[WhiteElo "1967"]
[BlackElo "1744"]
[PlyCount "61"]
[EventDate "2018.01.27"]
[EventType "swiss"]
[EventRounds "11"]
[EventCountry "TUR"]
[SourceTitle "CBM 182 Extra"]
[Source "ChessBase"]
[SourceDate "2018.02.23"]
[SourceVersion "1"]
[SourceVersionDate "2018.02.23"]
[SourceQuality "1"]

1. d4 Nf6 2. Nf3 g6 3. c4 Bg7 4. Nc3 0-0 5. e4 d6 6. Be2 e5 7. 0-0 exd4 8. Nxd4 Re8 9. f3 Nc6 10. Be3 Nh5 11. f4 Nf6 12. Bf3 Bd7 13. Kh1 Na5 14. Qd3 Ng4 15. Bg1 Nh6 16. Rae1 Nc6 17. Nxc6 bxc6 18. c5 Rb8 19. Re2 d5 20. exd5 Bf5 21. Rxe8+ Qxe8 22. Qd2 cxd5 23. Re1 Qd7 24. Qxd5 Bxc3 25. bxc3 Rd8 26. Qe5 Qe6 27. Qxc7 Qxe1 28. Qxd8+ Kg7 29. Qd4+ f6 30. c6 Kf7 31. Qxa7+ 1-0

[Event "TUR Cup										"]
[Site "Antalya"]
[Date "2018.02.01"]
[Round "8"]
[White "Ozcoban, Kadir"]
[Black "Ozsakallioglu, Okan"]
[Result "1/2-1/2"]
[WhiteElo "1744"]
[BlackElo "1962"]
[PlyCount "41"]
[EventDate "2018.01.27"]
[EventType "swiss"]
[EventRounds "11"]
[EventCountry "TUR"]
[SourceTitle "CBM 182 Extra"]
[Source "ChessBase"]
[SourceDate "2018.02.23"]
[SourceVersion "1"]
[SourceVersionDate "2018.02.23"]
[SourceQuality "1"]

1. e4 c5 2. Nf3 e6 3. d4 cxd4 4. Nxd4 Nc6 5. Nc3 Qc7 6. Ndb5 Qb8 7. Be3 Nf6 8. Be2 Be7 9. 0-0 a6 10. Nd4 Qc7 11. f4 d6 12. a4 0-0 13. Bf3 Rd8 14. Qd2 Bd7 15. Nb3 Be8 16. a5 Nd7 17. Na4 Rab8 18. Nb6 Nf6 19. Na4 Nd7 20. Nb6 Nf6 21. Na4 1/2-1/2

[Event "TUR Cup										"]
[Site "Antalya"]
[Date "2018.01.28"]
[Round "3"]
[White "Alsan, Ahmet"]
[Black "Ozcoban, Kadir"]
[Result "0-1"]
[WhiteElo "1448"]
[BlackElo "1744"]
[PlyCount "64"]
[EventDate "2018.01.27"]
[EventType "swiss"]
[EventRounds "11"]
[EventCountry "TUR"]
[SourceTitle "CBM 182 Extra"]
[Source "ChessBase"]
[SourceDate "2018.02.23"]
[SourceVersion "1"]
[SourceVersionDate "2018.02.23"]
[SourceQuality "1"]

1. d4 Nf6 2. c4 g6 3. Nc3 Bg7 4. e4 d6 5. Bd3 0-0 6. Nge2 e5 7. d5 a5 8. 0-0 Na6 9. b3 Ne8 10. Be3 f5 11. f3 f4 12. Bf2 g5 13. Nc1 h5 14. h3 Nf6 15. Be2 Rf7 16. Nd3 b6 17. a3 Nc5 18. Nxc5 bxc5 19. Rb1 Bf8 20. b4 cxb4 21. axb4 axb4 22. Rxb4 Rg7 23. Kh2 g4 24. Bh4 gxh3 25. g3 fxg3+ 26. Bxg3 h4 27. Bxh4 Nh5 28. Qe1 Be7 29. Bxe7 Rg2+ 30. Kh1 Qxe7 31. Rg1 Qg5 32. Rb1 Ng3+ 0-1

[Event "TUR-chT 2nd League"]
[Site "Konya"]
[Date "2017.07.20"]
[Round "5.4"]
[White "Ozcoban, Kadir"]
[Black "Ucucu, Salih"]
[Result "0-1"]
[WhiteElo "1680"]
[BlackElo "1632"]
[PlyCount "90"]
[EventDate "2017.07.17"]
[EventType "team-swiss"]
[EventRounds "9"]
[EventCountry "TUR"]
[SourceTitle "CBM 179 Extra"]
[Source "ChessBase"]
[SourceDate "2017.08.23"]
[SourceVersion "1"]
[SourceVersionDate "2017.08.23"]
[SourceQuality "1"]
[WhiteTeam "Ankara Hayat"]
[BlackTeam "Kahramanmaras Ustad"]
[WhiteTeamCountry "TUR"]
[BlackTeamCountry "TUR"]

1. e4 e5 2. Nf3 Nc6 3. Bc4 Bc5 4. c3 Nf6 5. d3 0-0 6. Bb3 d5 7. Nbd2 dxe4 8. dxe4 Bg4 9. 0-0 Qe7 10. a4 Rad8 11. Qc2 Kh8 12. h3 Bh5 13. Re1 h6 14. Bc4 a5 15. Nh2 Bg6 16. Ndf1 Nh5 17. Be3 Nf4 18. Ng3 Bxe3 19. Rxe3 Qc5 20. b3 Rd7 21. Rd1 Rxd1+ 22. Qxd1 Rd8 23. Qc2 Qd6 24. Nf3 Qf6 25. Ne2 Rd6 26. Nxf4 exf4 27. Rd3 Bxe4 28. Rxd6 Bxc2 29. Rxf6 gxf6 30. Bxf7 Ne5 31. Nxe5 fxe5 32. f3 Kg7 33. Bc4 Kf6 34. g3 Bd1 35. Kf2 Ke7 36. g4 Kd6 37. Bf7 c6 38. Bc4 b5 39. axb5 cxb5 40. Bxb5 Bxb3 41. Ke1 a4 42. Kd2 a3 43. Kc1 Bd1 44. Bc4 Bxf3 45. Kd2 Bd5 0-1

[Event "TUR-chT 2nd League"]
[Site "Konya"]
[Date "2017.07.19"]
[Round "4.7"]
[White "Yener, Cemil"]
[Black "Ozcoban, Kadir"]
[Result "0-1"]
[WhiteElo "1843"]
[BlackElo "1680"]
[PlyCount "60"]
[EventDate "2017.07.17"]
[EventType "team-swiss"]
[EventRounds "9"]
[EventCountry "TUR"]
[SourceTitle "CBM 179 Extra"]
[Source "ChessBase"]
[SourceDate "2017.08.23"]
[SourceVersion "1"]
[SourceVersionDate "2017.08.23"]
[SourceQuality "1"]
[WhiteTeam "Kahramanmaras DSI "]
[BlackTeam "Ankara Hayat"]
[WhiteTeamCountry "TUR"]
[BlackTeamCountry "TUR"]

1. e4 e5 2. Nf3 Nc6 3. Bb5 a6 4. Ba4 Nf6 5. 0-0 Be7 6. Re1 b5 7. Bb3 d6 8. c3 0-0 9. h3 Na5 10. Bc2 c5 11. d4 Qc7 12. Nbd2 cxd4 13. cxd4 Nc6 14. Nf1 exd4 15. Bf4 Nb4 16. Bb3 d3 17. Rc1 Qb7 18. Ng3 Nc2 19. Rf1 Nxe4 20. Qxd3 Nxg3 21. Bxc2 Bf5 22. Qa3 Ne2+ 23. Kh1 Bxc2 24. Rxc2 Nxf4 25. Re1 Ne6 26. Rce2 d5 27. Qe3 d4 28. Nxd4 Bc5 29. Qf3 Qxf3 30. Nxf3 Nd4 0-1

[Event "Manavgat Turkey Cup"]
[Site "Manavgat"]
[Date "2015.02.03"]
[Round "6"]
[White "Ozcoban, Kadir"]
[Black "Ozsayin, Elif"]
[Result "1-0"]
[WhiteElo "1744"]
[BlackElo "1448"]
[PlyCount "101"]
[EventDate "2015.01.31"]
[EventType "swiss"]
[EventRounds "11"]
[EventCountry "TUR"]
[SourceTitle "CBM 164 Extra"]
[Source "ChessBase"]
[SourceDate "2015.03.02"]
[SourceVersion "1"]
[SourceVersionDate "2015.03.02"]
[SourceQuality "1"]

1. e4 e6 2. d4 d5 3. exd5 exd5 4. Bd3 Bd6 5. Nc3 c6 6. Nge2 Nf6 7. Bg5 Bg4 8. f3 Bh5 9. Qd2 Nbd7 10. 0-0-0 Qa5 11. Kb1 0-0-0 12. Ne4 Qxd2 13. Nxd6+ Kc7 14. Rxd2 Kxd6 15. Ng3 Bg6 16. Bf4+ Ke7 17. Re1+ Kf8 18. Nf5 Bxf5 19. Bxf5 h6 20. Bc7 Ra8 21. Rde2 g6 22. Bxd7 Nxd7 23. Re7 Nf6 24. Bd6 Kg7 25. Rxb7 Rhe8 26. Ree7 Rxe7 27. Rxe7 Ne8 28. Be5+ Kf8 29. Rb7 h5 30. Rb8 Rxb8 31. Bxb8 a6 32. Be5 Ke7 33. Kc1 f6 34. Bg3 Ng7 35. Kd2 Ne6 36. Kd3 f5 37. c4 f4 38. Bf2 Kd6 39. Be1 c5 40. Bf2 cxd4 41. Bxd4 dxc4+ 42. Kxc4 g5 43. h4 gxh4 44. Bf6 Nc7 45. Bxh4 Nd5 46. Bf2 Kc6 47. b4 Nc7 48. a4 a5 49. b5+ Kd6 50. Bc5+ Kd7 51. Bb6 1-0

[Event "TUR-ch"]
[Site "Kemer"]
[Date "2012.01.31"]
[Round "5"]
[White "Sarikaya, Ergun"]
[Black "Ozcoban, Kadir"]
[Result "1-0"]
[WhiteElo "1954"]
[BlackElo "1665"]
[PlyCount "53"]
[EventDate "2012.01.29"]
[EventType "swiss"]
[EventRounds "10"]
[EventCountry "TUR"]
[SourceTitle "CBM 146 Extra"]
[Source "ChessBase"]
[SourceDate "2012.02.29"]
[SourceVersion "1"]
[SourceVersionDate "2012.02.29"]
[SourceQuality "1"]

1. e4 e5 2. Nf3 Nc6 3. d4 exd4 4. Nxd4 Bc5 5. Be3 Qf6 6. c3 Nge7 7. Qd2 h6 8. a4 a5 9. Na3 Ng6 10. Nab5 Bb6 11. Nf5 Bxe3 12. Qxe3 Qe5 13. 0-0-0 Nge7 14. Nfd6+ cxd6 15. Nc7+ Kd8 16. Nxa8 Ng6 17. Nb6 Qe6 18. Nd5 Qe5 19. f4 Qh5 20. Be2 Qh4 21. g3 Qh3 22. Bf1 Qh5 23. h3 Nge7 24. Bc4 Nxd5 25. Rxd5 Qg6 26. Rhd1 Ke7 27. Qd3 1-0